000 00697 a2200217 4500
999 _c5022
_d5022
020 _a9780023078835
050 0 0 _aRC 570 MEN 1994
245 0 0 _aMental Retardation /
_c[edited by] Mary Beirne-Smith, James Patton, Richard Ittenbach.
250 _a4th ed.
264 _aNew York :
_bMacmillan,
_c1998.
300 _axiv, 632 p. :
_bill. (some col.) ;
500 _aincludes index
504 _aIncludes bibliographical references
650 0 _aMental retardation.
650 0 _a Intellectual disability.
650 0 _aEducation of Intellectually Disabled.
700 2 _aBeirne-Smith, Mary.
700 1 _aPatton, James R.
700 1 _aIttenbach, Richard.
942 _2lcc
_cBK
_h570
_iMEN
_kRC